000
00232 a2200097 4500
001
23036
100
_a
Sneddon, I N
245
_a
Special functions of maths physics and chemistry
260
_a
_b
Oliver
_c
1966
090
_c
15578
_d
15578
942
_a
NUST-CAE
_c
M
_c
6200
999
_c
258109
_d
258109